Relaciones exteriores de Guatemala, 1952-1954 /
La política exterior del gobierno de Jacobo Arbenz, no presentó cambios sustanciales con respecto a la de su predecesor Juan José Arévalo más bien reorganizó el servicio exterior, profundizó sus principios de soberanía e independencia en un ambiente internacional adverso que culminó con el golpe de...
Gardado en:
| Autor Principal: | |
|---|---|
| Formato: | Texto |
| Materias: | |
| Etiquetas: |
Engadir etiqueta
Sen Etiquetas, Sexa o primeiro en etiquetar este rexistro!
|
MARC
| LEADER | 00000 a a2200000 04500 | ||
|---|---|---|---|
| 001 | 16204 | ||
| 003 | |||
| 040 | |||
| 100 | |a Osegueda, Raúl | ||
| 245 | |a Relaciones exteriores de Guatemala, 1952-1954 / |c Raúl Osegueda | ||
| 520 | |a La política exterior del gobierno de Jacobo Arbenz, no presentó cambios sustanciales con respecto a la de su predecesor Juan José Arévalo |a más bien reorganizó el servicio exterior, profundizó sus principios de soberanía e independencia en un ambiente internacional adverso que culminó con el golpe de Estado. Los principales problemas que enfrentó fueron: organización de servicios, expedientes de la deuda inglesa, situación de Belice, el juicio de Nottebohm en la Corte Mundial de Justicia |a renuncia y retiro de la ODECA, denuncia ante la Asamblea de la ONU. Los dos últimos puntos son los más relevantes, primero porque los países de ODECA se unieron a la campaña internacional de desprestigio contra Guatemala orquestada por el gobierno norteamericano y por la Standar Fruit Co., por la reforma agraria que puso en práctica. Estados Unidos acusó a Guatemala de ser "punta de lanza" del comunismo soviético, de tener en su territorio bases de submarinos atómicos rusos y, de ser un peligro para la seguridad norteamericana |a lo que motivó la denuncia de Guatemala ante la ONU. VJ/JM | ||
| 650 | |a RELACIONES EXTERIORES | ||
| 650 | |a INTERVENCION EXTRANJERA | ||
| 650 | |a POLITICA EXTERIOR | ||
| 650 | |a DERECHO INTERNACIONAL | ||
| 650 | |a RELACIONES MULTILATERALES | ||
| 650 | |a ODECA | ||
| 650 | |a ONU | ||
| 650 | |a RELACIONES NORTE |z -SUR | ||
| 773 | |g número 8; páginas 5-13 | ||
| 999 | |c 35717 |d 35717 | ||
| 773 | 0 | |0 43295 |9 4844 |a Universidad de San Carlos de Guatemala |d Guatemala: Universidad de San Carlos de Guatemala |o MFN: 1181 |t Revista de la Universidad de San Carlos/ | |
